[Event "C'Chartres Blitz op"]
[Site "Europe Echecs INT"]
[Date "2020.11.28"]
[Round "10"]
[White "Lambach, Maxime"]
[Black "Darrieux, Thomas"]
[Result "1-0"]
[WhiteElo "1962"]
[BlackElo "1865"]
[PlyCount "129"]
[EventDate "2020.11.28"]
[EventType "swiss (blitz)"]
[EventRounds "11"]
[EventCountry "FRA"]
[SourceTitle "CBM 199 Extra"]
[Source "ChessBase"]
[SourceDate "2021.01.31"]
[SourceVersion "1"]
[SourceVersionDate "2021.01.31"]
[SourceQuality "1"]

1. e4 e6 2. d4 d5 3. Nd2 dxe4 4. Nxe4 Nd7 5. Bd3 Ngf6 6. Ng3 Be7 7. Nf3 b6 8. 0-0 Bb7 9. c3 0-0 10. Bf4 c5 11. Qe2 Rc8 12. Rac1 Nd5 13. Bd2 N7f6 14. a3 Qc7 15. Ne5 Bd6 16. Rfe1 Ne7 17. Bg5 Ng6 18. h4 Nd5 19. Nxg6 hxg6 20. Ne4 Nf4 21. Bxf4 Bxf4 22. Rcd1 c4 23. Bb1 Qc6 24. f3 Rfd8 25. Qf2 Bb8 26. Ng5 Qc7 27. h5 Qh2+ 28. Kf1 Qxh5 29. Nh3 Qb5 30. Be4 Bxe4 31. Rxe4 Rd5 32. Rde1 Rf5 33. Kg1 Qd5 34. Qh4 Rh5 35. Qf2 Qd7 36. Nf4 Rf5 37. Nh3 Rd8 38. Qf1 Qb7 39. Qxc4 Qd5 40. Qxd5 Rdxd5 41. Nf2 Rb5 42. Nd3 Bg3 43. R1e2 a5 44. a4 Rbd5 45. Ne5 Bxe5 46. Rxe5 Rfxe5 47. Rxe5 Rxe5 48. dxe5 Kf8 49. Kf2 Ke7 50. Ke3 Kd7 51. Kd4 Kc6 52. b3 g5 53. g3 f6 54. b4 axb4 55. cxb4 f5 56. a5 bxa5 57. bxa5 Kb5 58. a6 Kxa6 59. Kc5 f4 60. g4 Kb7 61. Kd6 Kc8 62. Kxe6 Kd8 63. Kf7 Kd7 64. e6+ Kd8 65. e7+ 1-0

[Event "Sautron op 13th"]
[Site "Sautron"]
[Date "2013.10.??"]
[Round "4"]
[White "Darrieux, Thomas"]
[Black "Coiffait, Pierre Basile"]
[Result "0-1"]
[WhiteElo "1779"]
[BlackElo "1970"]
[PlyCount "46"]
[EventDate "2013.10.26"]
[EventType "swiss"]
[EventRounds "9"]
[EventCountry "FRA"]
[SourceTitle "EXT 2016"]
[Source "ChessBase"]
[SourceDate "2015.10.08"]
[SourceVersion "1"]
[SourceVersionDate "2015.10.08"]
[SourceQuality "1"]

1. d4 Nf6 2. Nf3 e6 3. c4 b6 4. Nc3 Bb7 5. a3 c5 6. Bg5 cxd4 7. Nxd4 a6 8. e3 Be7 9. f3 0-0 10. Bd3 d6 11. 0-0 Nbd7 12. Qc2 Rc8 13. Qd2 Ne5 14. b3 Nxd3 15. Qxd3 h6 16. Bh4 Qc7 17. Nce2 Rfd8 18. e4 d5 19. cxd5 exd5 20. exd5 Nxd5 21. Bxe7 Qxe7 22. b4 Ne3 23. Rfe1 Nc2 0-1

[Event "Sautron op 13th"]
[Site "Sautron"]
[Date "2013.10.??"]
[Round "2"]
[White "Darrieux, Thomas"]
[Black "Grandi, Paul"]
[Result "1-0"]
[WhiteElo "1779"]
[BlackElo "1768"]
[PlyCount "79"]
[EventDate "2013.10.26"]
[EventType "swiss"]
[EventRounds "9"]
[EventCountry "FRA"]
[SourceTitle "EXT 2016"]
[Source "ChessBase"]
[SourceDate "2015.10.08"]
[SourceVersion "1"]
[SourceVersionDate "2015.10.08"]
[SourceQuality "1"]

1. d4 Nf6 2. Nf3 d5 3. c4 e6 4. Nc3 Bb4 5. Bg5 h6 6. Bh4 g5 7. Bg3 Ne4 8. Qa4+ Nc6 9. Rc1 Bd7 10. Qd1 f5 11. e3 0-0 12. Ne5 Rf6 13. Nxc6 Bxc6 14. Be5 Rg6 15. c5 g4 16. Bd3 Ng5 17. Qe2 a6 18. a3 Bxc3+ 19. Rxc3 h5 20. Bg3 Qe7 21. Kd2 Ne4+ 22. Bxe4 dxe4 23. h3 Bb5 24. Qd1 h4 25. Be5 gxh3 26. g3 hxg3 27. Qh5 Qh7 28. Qxh7+ Kxh7 29. Rxh3+ Rh6 30. Rxg3 Rg6 31. Rxg6 Kxg6 32. Bxc7 Rh8 33. Rc1 Rh3 34. Rg1+ Kf7 35. Be5 Rh7 36. Kc3 Bc6 37. Kb4 Kf8 38. Ka5 Kf7 39. a4 Kf8 40. b4 1-0

[Event "Sautron op 13th"]
[Site "Sautron"]
[Date "2013.10.??"]
[Round "9"]
[White "Normand, Vincent"]
[Black "Darrieux, Thomas"]
[Result "1/2-1/2"]
[WhiteElo "2076"]
[BlackElo "1779"]
[PlyCount "25"]
[EventDate "2013.10.26"]
[EventType "swiss"]
[EventRounds "9"]
[EventCountry "FRA"]
[SourceTitle "EXT 2016"]
[Source "ChessBase"]
[SourceDate "2015.10.08"]
[SourceVersion "1"]
[SourceVersionDate "2015.10.08"]
[SourceQuality "1"]

1. e4 e6 2. d3 d5 3. Qe2 dxe4 4. dxe4 e5 5. c3 Bd6 6. Qc2 Be6 7. Nf3 f6 8. Nbd2 Ne7 9. Bc4 Bxc4 10. Nxc4 Ng6 11. h4 h5 12. Ne3 Ne7 13. Nc4 1/2-1/2

[Event "Brest op"]
[Site "Brest"]
[Date "2009.04.13"]
[Round "6"]
[White "Guillerm, Mischa"]
[Black "Darrieux, Thomas"]
[Result "1-0"]
[WhiteElo "1800"]
[BlackElo "1650"]
[PlyCount "51"]
[EventDate "2009.04.11"]
[EventType "swiss"]
[EventRounds "7"]
[EventCountry "FRA"]
[SourceTitle "EXT 2011"]
[Source "ChessBase"]
[SourceDate "2010.11.26"]
[SourceVersion "1"]
[SourceVersionDate "2010.11.26"]
[SourceQuality "1"]

1. e4 e6 2. d4 d5 3. Nd2 Nf6 4. e5 Nfd7 5. Bd3 c5 6. c3 Nc6 7. Ne2 Qb6 8. Nf3 cxd4 9. cxd4 f6 10. exf6 Nxf6 11. 0-0 Bd6 12. Bf4 Qc7 13. Bxd6 Qxd6 14. Nc3 0-0 15. Re1 Kh8 16. h3 a6 17. a3 b5 18. b4 g6 19. Qd2 Qc7 20. Rac1 Bb7 21. Rxe6 Qf7 22. Ng5 Qg8 23. Qf4 Ne8 24. Qh4 Nf6 25. Nxd5 Nxd5 26. Rxg6 1-0

[Event "Brest op"]
[Site "Brest"]
[Date "2009.04.12"]
[Round "4"]
[White "Dupitier, Mickael"]
[Black "Darrieux, Thomas"]
[Result "1/2-1/2"]
[WhiteElo "1844"]
[BlackElo "1650"]
[PlyCount "40"]
[EventDate "2009.04.11"]
[EventType "swiss"]
[EventRounds "7"]
[EventCountry "FRA"]
[SourceTitle "EXT 2011"]
[Source "ChessBase"]
[SourceDate "2010.11.26"]
[SourceVersion "1"]
[SourceVersionDate "2010.11.26"]
[SourceQuality "1"]

1. d4 e6 2. Nf3 Nf6 3. e3 d5 4. Bd3 Nbd7 5. Nbd2 c5 6. c3 a6 7. 0-0 b5 8. e4 c4 9. Bc2 dxe4 10. Nxe4 Bb7 11. Nxf6+ gxf6 12. Bf4 Nb6 13. Re1 Bd6 14. Bxd6 Qxd6 15. Nd2 Rg8 16. Ne4 Qe7 17. f3 f5 18. Nc5 Qg5 19. Qe2 Bd5 20. a4 Rg6 1/2-1/2

[Event "FRA-ch U10"]
[Site "Le Grand Bornand"]
[Date "2007.04.??"]
[Round "1"]
[White "Darrieux, Thomas"]
[Black "Neri, Jean Baptiste"]
[Result "0-1"]
[WhiteElo "1550"]
[BlackElo "1822"]
[PlyCount "30"]
[EventDate "2007.04.07"]
[EventType "swiss"]
[EventRounds "9"]
[EventCountry "FRA"]
[SourceTitle "CBM 118 Extra"]
[Source "ChessBase"]
[SourceDate "2007.07.04"]
[SourceVersion "1"]
[SourceVersionDate "2007.07.04"]
[SourceQuality "1"]

1. e4 c5 2. Nf3 e6 3. d4 cxd4 4. Nxd4 a6 5. Bd3 Qc7 6. Be3 Nf6 7. Nd2 b5 8. f3 Bc5 9. N2b3 Bb6 10. Qe2 d5 11. Qf2 Nbd7 12. Qg3 Qxg3+ 13. hxg3 dxe4 14. fxe4 Bb7 15. Nd2 Ba5 0-1

[Event "Bretagne-ch U10"]
[Site "Ploermel"]
[Date "2007.02.14"]
[Round "1"]
[White "Darrieux, Thomas"]
[Black "Perrier, Yann"]
[Result "1-0"]
[WhiteElo "1550"]
[BlackElo "1355"]
[PlyCount "53"]
[EventDate "2007.02.14"]
[EventType "tourn"]
[EventRounds "6"]
[EventCountry "FRA"]
[SourceTitle "EXT 2008"]
[Source "ChessBase"]
[SourceDate "2007.11.25"]
[SourceVersion "1"]
[SourceVersionDate "2007.11.25"]
[SourceQuality "1"]

1. e4 e5 2. Nf3 Nc6 3. Bc4 f6 4. Nc3 Bb4 5. a3 Bxc3 6. bxc3 Nge7 7. d4 d6 8. Bb3 Ng6 9. Qd3 Nf4 10. Bxf4 exf4 11. Qc4 Qe7 12. 0-0 b6 13. Qxc6+ Kd8 14. Qxa8 g5 15. Rad1 Qd7 16. Qxa7 h6 17. e5 fxe5 18. dxe5 g4 19. Nh4 Rf8 20. exd6 f3 21. dxc7+ Ke8 22. Rfe1+ Qe6 23. Rd8+ Ke7 24. Bxe6 Bxe6 25. Rxf8 Kxf8 26. Rxe6 g3 27. c8R# 1-0